000
00288nam a22001337a 4500
008
260211b ||||| |||| 00| 0 eng d
020
_a
9788853635112
041
_a
ital
080
_a
001
100
_a
20
101
_a
ital
245
_a
Italian Famosi
_c
Valeria Savi
942
_2
lcc
_c
BK
999
_c
60775
_d
60775